000 00875nam a22002657a 4500
001 7948
003 FISKH
005 20250814143522.0
008 250814b cb ||||| |||| 00| 0 eng d
020 _a9781846433771
040 _aFISKH
_beng
_cFISKH
_dFISKH
050 _aQP462.2 .K83
082 _a823.92
100 _aKubler, Annie
245 _aWhat can I hear?
_cAnnie Kubler
260 _aSwindon :
_bChild's Play,
_c2011.
300 _a10 unnumbered pages :
_bcolor illustrations ;
_c16 cm
505 _aa
520 _aBrilliant board books for toddlers based around senses. Exploring the concept of touch, this title features familiar scenes and fun words to encourage lively chatter.
521 8 _a10
_bLexile estimate
521 8 _aa
_bRaz-Plus
650 _aAll About Me
_vFive senses
_xHear
_yBoard book
942 _2ddc
_cBK
_n0
999 _c7948
_d7948